00691nam a2200229 a 4500001001300000003000900013005001700022008004100039020001000080082001700090100001700107245007200124260003200196300000900228500003500237650002200272700001700294902000800311942000700319952011800326999001700444nice12345678IN_TiNIC20260116014636.0070906s2005 dela grp 000 0 eng  ac45000a954.092bKAZ aKazim, Lubna aWoman of Substanceb The Memoirs of Begum Khurshid Mirza(1918-1989) aDelhi bZubaan, Kali c2005 a245p aincludes index and biblioraphy aBiography-Indians1 aKazim, Lubna bSRS cBK 001040708StackRoom-aHMIbHMId2007-09-06g450.00l0o954.092 KAZp022115r2007-09-06v450.00w2007-09-06yBK c16341d16341